000 00842nam a2200241 i 4500
003 IT-RoINE
005 20220126132508.0
008 130701s2013 sp a |r|||| 000 |dspa d
040 _aSpMaBN
_bspa
_cSpMaBN IT-RoINE
_erdc
_dIT-RoINE
044 _ait
_asp
100 1 _aLabarta, María Luisa,
_97389
_cSch.P.
245 1 0 _aPaula Montal :
_bnovedad de un carisma y su espiritualidad /
_cMª Luisa Labarta
260 _aRoma :
_b[s.n.],
_c2013
_e(Zaragoza :
_fARPIrelieve)
300 _a77 p. :
_bil. col. ;
_c19 cm.
336 _aTexto (visual)
_2isbdcontent
337 _2rdamedia
_aunmediated
338 _2rdacarrier
_avolume
490 1 _aEspiritualidad escolapia ;
_v25
600 0 4 _aPaula Montal,
_cSanta,
_d1799-1889
_915563
610 2 4 _aEscolapias
_xVida espiritual
_970861
830 0 _917712
_aEspiritualidad escolapia ;
_v25
942 _cMTS
999 _c36560
_d36560